000 00697nam a2200241 a 4500
001 56715
003 BD-RjUL
005 20211209080427.0
008 161203s1979 enka p 001 0 eng
020 _a0208016848 (Linnet) :
035 _a(BD-RjUL)56839
040 _aDLC
_cDLC
_dDLC
_beng
041 _aeng
082 0 0 _a025.32
_223
_bHUA 1979
100 1 _aHunter, Eric J.
_9168669
245 1 0 _aAACR 2 :
_ban introduction to the second edition of Anglo-American cataloguing rules /
_cEric J. Hunter.
250 _aRev. ed.
260 _aLondon :
_bC. Bingley,
_c1979.
300 _a148 p. :
_bill. ;
_c22 cm.
500 _aIncludes index.
650 0 _aCataloging
_9125830
942 _2ddc
_cBK
999 _c56715
_d56715